|
|
|
|
| LEADER |
00737nab#a2200265#ar4500 |
| 001 |
000003113 |
| 003 |
SVKKK |
| 005 |
20030626132058.0 |
| 008 |
030626c1994 e sloo |
| FMT |
|
|
|
| 038 |
|
|
|a SVKKK
|
| 040 |
|
|
|a SVKKK
|b slo
|e AACR2
|
| 041 |
0 |
|
|a slo
|
| 080 |
|
|
|a 943.76"1707
|2 1981
|
| 100 |
1 |
|
|a Duchoň, Jozef
|4 aut
|
| 245 |
1 |
0 |
|a Caschau na bordúre "Novej Mapy Uhorská"
|c Duchoň Jozef,
|
| 260 |
|
|
|c 1994
|
| 650 |
0 |
4 |
|a história
|z Nová mapa Uhorska s jeho pevnosťami (príloha knihy O povstan
|x * veduta Košíc * stor.16 * štúdie *>
|
| 773 |
0 |
|
|t Košický večer
|g Roč. 5, č. 203(1994), dát. 1021, s. 8
|
| 957 |
|
|
|a Košice
|
| 974 |
|
|
|a Cr
|
| 992 |
|
|
|a RBX
|
| BAS |
|
|
|
| 852 |
|
|
|a SVKKK
|b BIB
|
| 998 |
|
|
|a REG
|